000 01939cam a2200361 4500500
005 20251228050048.0
041 _afre
042 _adc
100 1 0 _aGuibal, Francis
_eauthor
245 0 0 _a« E. Weil et nous »
260 _c2005.
500 _a30
520 _aPour mieux re-penser, en fonction de « notre » situation, l’héritage philosophique d’Eric Weil, on le suit d’abord ici dans sa manière de porter la finitude de la condition historique jusqu’à la vue du sens présent. C’est alors son articulation originale de la liberté (moderne) et de la raison (antique) à l’intérieur du tout infini de la réalité que l’on se risque à interroger en l’ouvrant à l’éventualité d’un « autrement » qui n’entrerait peut-être pas sans reste dans le cercle de la compréhension systématique.
520 _aFor a better re-thinking of Eric Weil’s philosophical legacy, according to our situation, he is here first followed in the way he brings the finiteness of historical condition up to the view of present sense. Then, the text dares to question his original articulation of (modern) freedom and (ancient) reason inside the infinite whole of reality, while opening it to the possibility of « another way » which might not enter without a rest into the circle of the systematic understanding.
690 _aCondition
690 _aDiscours
690 _aHistoire
690 _aLangage
690 _aLiberté
690 _aPrésence
690 _aRéalité
690 _aSens
690 _aCondition
690 _aDiscourse
690 _aFreedom
690 _aHistory
690 _aLanguage
690 _aPresence
690 _aReality
690 _aSense
786 0 _nArchives de philosophie | 68 | 1 | 2005-03-01 | p. 33-53 | 0003-9632
856 4 1 _uhttps://shs.cairn.info/revue-archives-de-philosophie-2005-1-page-33?lang=fr&redirect-ssocas=7080
999 _c1579723
_d1579723